| 000 | 00549nam a2200181Ia 4500 | ||
|---|---|---|---|
| 003 | GCL | ||
| 008 | 140319s9999 xx 000 0 ara d | ||
| 040 |
_aGCL / _cGCL |
||
| 082 | 0 | 4 |
_a247.42 _bا ا |
| 245 | 1 | 0 | _aالاصولية الاسلامية دراسة فى الخطاب الايدولوجى والسياسى عند سيد قطب |
| 300 | _a266 ص | ||
| 490 |
_aكتاب _v0 |
||
| 650 | 0 | 4 | _aالاسلام |
| 650 | 0 | 4 | _aالفرق الاسلامية |
| 650 | 0 | 4 | _aالاسلام والسياسة |
| 650 | 0 | 4 | _aمذاهب |
| 942 |
_2ddc _cBK |
||
| 999 |
_c43130 _d43130 |
||